| 000 | 01365cam a2200361 a 4500 | ||
|---|---|---|---|
| 001 | 15969438 | ||
| 003 | OSt | ||
| 005 | 20240220130027.0 | ||
| 008 | 091102s2010 nyua b 000 0 eng | ||
| 010 | _a 2009046213 | ||
| 020 | _a9781568989358 (pbk. : alk. paper) | ||
| 040 |
_aDLC _cDLC _dDLC |
||
| 043 | _an-us-ny | ||
| 050 | 0 | 0 |
_aNA737.W67 _bA84 2010 |
| 082 | 0 | 0 |
_a728.92 _222 _bABO |
| 245 | 0 | 0 |
_aAbove the pavement-- the farm! : _barchitecture & agriculture at PF1 / _cAmale Andraos and Dan Wood, editors. |
| 246 | 3 | 0 | _aArchitecture & agriculture at PF1 |
| 246 | 3 | 0 | _aArchitecture and agriculture at PF1 |
| 250 | _a1st ed. | ||
| 260 |
_aNew York : _bPrinceton Architectural Press, _cc2010. |
||
| 300 |
_a206 p. : _bill. (some col.) ; _c18 cm. |
||
| 490 | 0 | _aInventory books | |
| 504 | _aIncludes bibliographical references. | ||
| 610 | 2 | 0 |
_aWork Architecture Company. _9120812 |
| 650 | 0 |
_aUrban agriculture _zNew York (State) _zNew York. _9120813 |
|
| 700 | 1 |
_aAndraos, Amale, _d1973- _9120814 |
|
| 700 | 1 |
_aWood, Dan, _d1967- _9120815 |
|
| 710 | 2 |
_aP.S. 1 Contemporary Art Center. _9120816 |
|
| 906 |
_a7 _bcbc _corignew _d1 _eecip _f20 _gy-gencatlg |
||
| 942 |
_2ddc _cBK _aSADA _k728.92 ABO 2010 |
||
| 999 |
_c607892 _d607892 |
||